Online
Catalog

Giuscibernetica : (Record no. 1060)

MARC details
000 -CABECERA
campo de control de longitud fija 00558cam a2200169 a 4500
001 - NÚMERO DE CONTROL
campo de control 000001101
005 - FECHA Y HORA DE LA ÚLTIMA TRANSACCIÓN
campo de control 20200929145457.0
008 - DATOS DE LONGITUD FIJA--INFORMACIÓN GENERAL
campo de control de longitud fija 860207s1969 it b 000 0 ita
040 ## - FUENTE DE LA CATALOGACIÓN
Centro catalogador/agencia de origen DO-SdBNP
Lengua de catalogación spa
Centro/agencia transcriptor BNPHU
082 ## - NÚMERO DE LA CLASIFICACIÓN DECIMAL DEWEY
Número de clasificación 340.00142
Número de documento/Ítem L879g
100 1# - ENTRADA PRINCIPAL--NOMBRE DE PERSONA
Nombre de persona Losano, Mario G.
9 (RLIN) 3766
245 10 - MENCIÓN DE TÍTULO
Título Giuscibernetica :
Resto del título Macchine e modelli cibernetici nel diritto.
260 ## - PUBLICACIÓN, DISTRIBUCIÓN, ETC.
Lugar de publicación, distribución, etc. Torino :
Nombre del editor, distribuidor, etc. Giulio Einaudi,
Fecha de publicación, distribución, etc. 1969.
300 ## - DESCRIPCIÓN FÍSICA
Extensión 205 p. ;
Dimensiones 18 cm.
440 #0 - MENCIÓN DE SERIE/PUNTO DE ACCESO ADICIONAL--TÍTULO
Título Piccola Biblioteca Einaudi ;
Designación de volumen o secuencia no. 125
9 (RLIN) 3767
650 #4 - PUNTO DE ACCESO ADICIONAL DE MATERIA--TÉRMINO DE MATERIA
Término de materia o nombre geográfico como elemento de entrada Investigación jurídica
Subdivisión general Procesamiento de datos
9 (RLIN) 3768
Holdings
Estado de retiro Estado de pérdida Restricciones de uso No para préstamo Código de colección Localización permanente Ubicación/localización actual Ubicación en estantería Fecha de adquisición Número de inventario Total de préstamos Signatura topográfica completa Código de barras Fecha visto por última vez Precio válido a partir de Tipo de ítem Koha
    Préstamo interno Préstamo en sala Dominicana de Servicio Biblioteca Nacional Pedro Henríquez Ureña Biblioteca Nacional Pedro Henríquez Ureña Depósito 09.08.2009 LF1   340.00142 L879g 1101-10 25.06.2020 25.06.2020 Libros y folletos

Powered by Koha